[Event "6th GRENKE Chess Classic 2019"]
[Site "Karlsruhe/Baden-Baden"]
[Date "2019.04.28"]
[Round "8.3"]
[White "Svidler, Peter"]
[Black "Carlsen, Magnus"]
[Result "0-1"]
[WhiteElo "2735"]
[BlackElo "2845"]
[Annotator "TA"]
[PlyCount "66"]
[EventDate "2019.03.30"]
[EventType "tourn"]
[EventCountry "GER"]
[SourceTitle "playchess.com"]
[Source "ChessBase"]
[SourceQuality "1"]

{[%evp 12,65,28,28,26,27,32,24,32,27,24,20,23,8,41,20,32,15,3,20,0,0,5,0,0,0,0,-28,-10,-5,-16,-10,-18,-68,-62,-66,-67,-74,-70,-64,-68,-74,-61,-445,-380,-507,-507,-493,-439,-29983,-29983,-29990,-29991,-29998,-29999,-29999]} 1. e4 c5 2. Nf3 Nc6 3. Nc3 e5 4. Bc4 Be7 5. d3 d6 6. Nd2 Nf6 7. Nf1 Nd7 {B30: Sicilian: 2...Nc6 3 Bb5, lines without ...g6} (7... Bg4 8. f3 Be6 9. Ne3 O-O 10. O-O Nh5 11. g3 Bg5 12. Ncd5 Bxe3+ 13. Bxe3 Ne7 14. Bg5 Bxd5 15. Bxd5 h6 16. Bxe7 Qxe7 17. f4 Nf6 18. Bb3 {½-½ (57) Bacrot,E (2725)-Yu,Y (2751) Riadh 2017}) 8. Nd5 Nb6 9. Nxb6 axb6 {White has an edge.} 10. c3 O-O 11. Ne3 Bg5 12. O-O Kh8 13. a3 $146 ({Predecessor:} 13. a4 Be6 14. Re1 Bxe3 15. Bxe3 Bxc4 16. dxc4 {½-½ (23) Kollars,D (2541)-Nayhebaver,M (2471) Le Castella 2018}) 13... f5 14. Nxf5 {With the idea Bxg5.} Bxc1 15. Rxc1 Bxf5 16. exf5 d5 17. Ba2 Rxf5 18. Qg4 Rf6 19. f4 exf4 20. Qg5 Qf8 21. Qxd5 Rd8 22. Qf3 Ne5 {[%cal Bc6e5,Be5g4,Bg4e3][%mdl 32]} 23. Qe4 $1 {[%cal Re4e5]} Ng4 24. Rce1 Ne3 $36 {[%mdl 2048] Black has some pressure.} 25. Rf2 Re8 26. Qxb7 {[#]} g5 $1 27. Rfe2 $2 {[%mdl 8192]} (27. Qf3 $1 $15) 27... g4 {Hoping for ...Re7.} 28. Rf2 {White hopes to continue with Qd7.} Qh6 {( -> ...g3!)} 29. Qc7 {intending g3.} Ref8 {White must now prevent ...g3!} 30. h3 {[#]} (30. Qe5 $19 g3 31. hxg3) 30... gxh3 {Black mates.} 31. g3 fxg3 32. Rxf6 h2+ 33. Kh1 g2# {Accuracy: White = 44%, Black = 86%.} 0-1

[Event "6th GRENKE Chess Classic 2019"]
[Site "Karlsruhe/Baden-Baden"]
[Date "2019.04.28"]
[Round "8.4"]
[White "Vachier-Lagrave, Maxime"]
[Black "Keymer, Vincent"]
[Result "1-0"]
[WhiteElo "2773"]
[BlackElo "2516"]
[Annotator "TA"]
[PlyCount "97"]
[EventDate "2019.03.30"]
[EventType "tourn"]
[EventCountry "GER"]
[SourceTitle "playchess.com"]
[Source "ChessBase"]
[SourceQuality "1"]

{[%evp 13,97,17,24,0,37,12,0,0,0,-12,0,0,0,0,0,0,0,0,2,0,0,0,0,0,0,0,0,0,0,0,0,0,22,0,17,20,11,7,18,22,26,29,15,0,16,8,12,4,20,0,12,8,29,29,11,7,7,8,7,0,27,0,89,97,95,96,610,589,700,700,548,614,533,533,438,427,250,195,802,914,1584,6295,5703,6095,1285,420]} 1. e4 c5 2. c3 ({Predecessor:} 2. Nf3 Nc6 3. c3 Nf6 4. e5 {½-½ (28) Broniek,M (2264)-Noble,M (2422) LSS email 2008}) 2... Nf6 3. e5 Nd5 4. Nf3 Nc6 5. Bc4 Nb6 6. Bb3 d5 7. exd6 Qxd6 8. O-O $146 {B22: Sicilian: 2 c3} (8. Na3 a6 9. O-O Bf5 10. d4 cxd4 11. Nxd4 Nxd4 12. cxd4 e6 13. Qf3 Qd7 14. Qg3 Bg6 15. Bf4 Bxa3 16. bxa3 O-O 17. Rac1 Rac8 18. h4 Nd5 19. Bd6 Nc3 20. Rce1 {0-1 (38) Mamedov,R (2699)-Navara,D (2740) Porto Carras 2018}) 8... Be6 9. Na3 Bxb3 10. axb3 {The position is equal.} Qd3 11. Re1 e6 12. Re3 Qd7 13. Nc4 Nxc4 14. bxc4 Be7 15. d4 cxd4 16. cxd4 O-O 17. Rd3 b5 18. cxb5 Nb4 19. Ne5 Qxb5 20. Rh3 {Black must now prevent Qh5.} Nd5 21. Rb3 Qe8 22. Rg3 {Strongly threatening Bh6.} f5 23. Qe2 (23. Bd2 {feels hotter.} Bd6 24. Qe1 a5 25. Rf3 Qe7 26. Nc4) 23... Bf6 24. Rga3 Qe7 25. Nf3 Rfb8 26. Ra6 Rb6 27. Rxb6 Nxb6 28. Bf4 Rc8 29. g3 Qd7 30. Bg5 Rc7 31. Re1 Kf7 32. h4 Rc6 33. h5 h6 34. Bxf6 gxf6 35. Nh4 Nd5 $1 36. g4 $36 {[%mdl 2048] White has some pressure.} Ne7 37. Qe3 Rc8 (37... fxg4 $11 38. Qxh6 g3) 38. gxf5 $1 $16 ({Don't play} 38. Qxh6 $6 Rg8 $11) 38... Rg8+ {[#]} 39. Kh2 $1 {[%cal Rf5e6]} Nxf5 $2 {[%mdl 8192]} (39... Qd6+ $16 40. Kh3 Rg5) 40. Nxf5 $18 exf5 $16 {[%mdl 4096] Endgame KQR-KQR} 41. Qb3+ Kf8 42. Qb4+ Kf7 43. Qc4+ Kf8 44. Qc5+ $1 Kf7 {[#]} 45. Ra1 $1 {[%cal Ra1a7]} Ra8 $2 (45... Rb8 46. Rxa7 Rb7 47. Rxb7 Qxb7 48. Qxf5 Qxb2) 46. Ra6 $18 {White is clearly winning.} Qe8 47. Qxf5 Qb8+ 48. Kh3 Qc8 {[#]} 49. Rxf6+ {Accuracy: White = 68%, Black = 52%.} (49. Rxa7+ $142 $1 {[%mdl 512]} Ke8 (49... Rxa7 50. Qxc8) 50. Rxa8 {[%mdl 64] Overworked Piece} Qxa8 51. Qe6+ Kf8 52. Qxf6+ {[%mdl 64] Double Attack} Kg8 53. Qg6+ Kh8 54. Qxh6+ Kg8 55. Qe6+ Kh8 56. d5) 1-0

[Event "6th GRENKE Chess Classic 2019"]
[Site "Karlsruhe/Baden-Baden"]
[Date "2019.04.28"]
[Round "8.5"]
[White "Aronian, Levon"]
[Black "Anand, Viswanathan"]
[Result "1/2-1/2"]
[WhiteElo "2763"]
[BlackElo "2774"]
[Annotator "TA"]
[PlyCount "65"]
[EventDate "2019.03.30"]
[EventType "tourn"]
[EventCountry "GER"]
[SourceTitle "playchess.com"]
[Source "ChessBase"]
[SourceQuality "1"]

{[%evp 9,65,25,26,16,20,4,10,6,19,8,8,8,14,0,17,0,22,-16,-5,-8,-17,-12,-6,-6,-6,-7,-4,-7,-7,-10,-5,-5,-4,-2,0,-3,-4,-6,-9,-7,6,6,5,0,0,0,0,0,0,0,0,0,0,0,0,0,0,0]} 1. e4 e5 2. Nf3 Nc6 3. Bb5 Nf6 4. d3 Bc5 5. Bxc6 dxc6 6. Qe2 {C65: Ruy Lopez: Berlin Defence (3...Nf6), unusual lines and 4 0-0 Bc5} (6. O-O {seems wilder.} Bd6 7. b3 O-O 8. a4 Be6 9. Na3) 6... Qe7 {The position is equal.} 7. h3 Bd6 8. Nbd2 Nd7 9. O-O $146 ({Predecessor:} 9. Nc4 c5 10. Ne3 Nf6 11. Bd2 Be6 12. Ng5 Bd7 13. Bc3 O-O-O {½-½ (21) Nisipeanu,L (2674)-Tomashevsky,E (2705) Germany 2019}) 9... O-O 10. Nc4 Re8 11. Re1 c5 12. Nh2 Nf8 13. f4 exf4 14. Qf2 Ng6 15. Rf1 Be6 {[#] Threatens to win with ...Bxc4.} 16. Nxd6 cxd6 17. Bxf4 d5 18. exd5 Bxd5 19. Bd2 b6 20. Ng4 Qe2 21. Ne3 Qxf2+ 22. Kxf2 Be6 23. Bc3 Ne7 24. Rfe1 Nd5 25. Nxd5 Bxd5 26. b3 f6 27. Rxe8+ Rxe8 $11 {[%mdl 4096] Endgame KRB-KRB} 28. Re1 Kf7 29. Rxe8 Kxe8 30. Bd2 Kd7 31. Bc3 Ke8 32. Bd2 Kd7 33. Bc3 {Accuracy: White = 58%, Black = 64%.} 1/2-1/2

[Event "6th GRENKE Chess Classic 2019"]
[Site "Karlsruhe/Baden-Baden"]
[Date "2019.04.29"]
[Round "9.1"]
[White "Naiditsch, Arkadij"]
[Black "Meier, Georg"]
[Result "1-0"]
[WhiteElo "2695"]
[BlackElo "2628"]
[Annotator "TA"]
[PlyCount "29"]
[EventDate "2019.03.30"]
[EventType "tourn"]
[EventCountry "GER"]
[SourceTitle "playchess.com"]
[Source "ChessBase"]
[SourceQuality "1"]

{[%evp 9,79,10,9,0,2,-6,0,-5,24,12,57,31,59,60,64,26,33,-5,0,-22,65,0,8,0,61,85,55,61,181,142,223,256,266,307,304,270,329,143,252,247,476,293,276,0,0,0,0,0,39,0,111,102,96,102,248,154,279,285,300,300,300,300,316,292,411,388,429,432,872,863,950,904]} 1. c4 b6 2. Nc3 Bb7 3. e4 e5 4. Nge2 (4. Nf3 Nc6 5. d3 Bc5 6. Be2 Nge7 7. a3 a5 8. Rb1 d6 9. O-O O-O 10. Nd5 Nd4 11. b4 axb4 12. axb4 Nxf3+ 13. Bxf3 {½-½ (93) Rakhmanov,A (2629)-Predke,A (2622) St Petersburg 2018}) 4... Nc6 5. g3 Bc5 6. Bg2 {A10: English Opening: Unusual Replies for Black} h5 7. h3 d6 $146 ({Predecessor:} 7... Nf6 8. a3 a5 9. d3 h4 10. Bg5 hxg3 11. Nxg3 {1-0 (20) Harika,D (2514)-Ehlvest,J (2524) Almaty 2016}) 8. d3 {The position is equal.} Qd7 9. h4 f5 10. exf5 Qxf5 11. O-O Nf6 12. d4 exd4 13. Nb5 {[%mdl 64] Double Attack} Qc8 14. Nf4 Ne5 {[#]} ({Black should play} 14... a6 $11 15. b4 (15. Bh3 Ng4 $11) 15... axb5 16. bxc5 Ne5 17. cxd6 cxd6) 15. b4 {Played: Nf4-e6} 1-0

[Event "6th GRENKE Chess Classic 2019"]
[Site "Karlsruhe/Baden-Baden"]
[Date "2019.04.29"]
[Round "9.2"]
[White "Caruana, Fabiano"]
[Black "Aronian, Levon"]
[Result "1/2-1/2"]
[WhiteElo "2819"]
[BlackElo "2763"]
[Annotator "TA"]
[PlyCount "86"]
[EventDate "2019.03.30"]
[EventType "tourn"]
[EventCountry "GER"]
[SourceTitle "playchess.com"]
[Source "ChessBase"]
[SourceQuality "1"]

{[%evp 26,86,28,29,29,29,31,16,21,25,18,19,162,13,21,24,28,27,17,14,15,20,24,16,16,12,18,14,14,11,15,8,8,10,12,10,9,15,8,10,14,0,10,8,11,0,0,0,0,0,0,0,0,0,0,0,0,-2,0,-3,0,0,0]} 1. e4 e5 2. Nf3 Nc6 3. Bb5 a6 4. Ba4 Nf6 5. O-O Be7 6. Re1 b5 7. Bb3 O-O 8. c3 d5 9. exd5 Nxd5 10. Nxe5 Nxe5 11. Rxe5 c6 12. d3 Bd6 13. Re1 Bf5 14. Qf3 Qh4 {C89: Closed Ruy Lopez: Marshall Attack} 15. g3 Qh3 16. Nd2 (16. Be3 Bxd3 17. Nd2 Qf5 18. Bd4 Rfe8 19. a4 h6 20. Kg2 Kf8 21. Rxe8+ Rxe8 22. axb5 axb5 23. Qxf5 Bxf5 24. Bxd5 cxd5 {1-0 (66) Caruana,F (2782)-Aronian,L (2812) Zuerich 2014}) 16... Rae8 17. Ne4 Bg4 18. Qg2 Qxg2+ 19. Kxg2 f5 20. h3 Bh5 (20... fxe4 $6 21. hxg4 exd3 22. Rxe8 $16) 21. Bf4 Bxf4 22. gxf4 {White wants to play Nc5.} fxe4 23. dxe4 {[%mdl 64] [#] Pin} Bf3+ $146 {[%mdl 576] Decoy} 24. Kxf3 Rxf4+ {The position is equal.} 25. Kg3 Rfxe4 26. Rxe4 Rxe4 $11 {[%mdl 4096] Endgame KRB-KRN} 27. f3 Re5 28. c4 bxc4 29. Bxc4 a5 30. Rc1 Rg5+ 31. Kf2 Kf8 $1 32. Bd3 Ne7 33. Rc4 ({Of course not} 33. Bxh7 g6 $17) 33... Rh5 34. h4 Ke8 35. b4 axb4 36. Rxb4 Kd7 37. a4 g6 38. Kg3 Ra5 39. Rd4+ Ke6 40. Kg4 Nd5 41. Kg3 Ne7 42. Kg4 Nd5 43. Kg3 Ne7 {Accuracy: White = 80%, Black = 90%.} 1/2-1/2

[Event "6th GRENKE Chess Classic 2019"]
[Site "Karlsruhe/Baden-Baden"]
[Date "2019.04.29"]
[Round "9.3"]
[White "Carlsen, Magnus"]
[Black "Vachier-Lagrave, Maxime"]
[Result "1-0"]
[WhiteElo "2845"]
[BlackElo "2773"]
[Annotator "TA"]
[PlyCount "85"]
[EventDate "2019.03.30"]
[EventType "tourn"]
[EventCountry "GER"]
[SourceTitle "playchess.com"]
[Source "ChessBase"]
[SourceQuality "1"]

{[%evp 11,85,13,23,0,10,0,0,0,13,0,32,44,44,38,54,30,59,57,52,55,71,60,66,61,92,74,77,61,125,81,96,83,105,97,141,136,130,128,133,134,141,136,106,68,69,68,68,68,68,68,68,68,68,68,68,68,68,68,106,111,206,206,206,200,199,188,294,287,2093,1488,550,550,2004,2056,1379,535]} 1. c4 c5 2. g3 g6 3. Bg2 Bg7 4. Nc3 Nc6 5. Nf3 d6 6. O-O Bf5 7. h3 {A37: Symmetrical English vs ...g6: 4 Bg2 Bg7 5 Nf3} Nf6 (7... Qd7 8. Kh2 e5 9. d3 h6 10. a3 Nge7 11. Rb1 a5 12. Nd2 O-O 13. Nde4 Kh7 14. Bd2 Be6 {0-1 (87) Harikrishna,P (2725)-Ragger,M (2687) St Petersburg 2018}) 8. d3 O-O 9. Be3 {The position is equal.} a6 10. Qd2 b5 $146 ({Predecessor:} 10... Qd7 11. g4 Be6 12. Bh6 Rab8 13. e4 b5 14. Bxg7 Kxg7 15. b3 h5 16. g5 Nh7 {0-1 (29) Schmidbauer,A (1886)-Dolinar,J (1788) Vienna 2012}) 11. cxb5 axb5 12. Nxb5 Qa5 13. Nc3 Rab8 14. Rfc1 Rfc8 15. b3 e5 16. Bh6 Nd4 17. Bxg7 Nxf3+ 18. exf3 Kxg7 19. f4 Qa6 (19... h5 $14) 20. fxe5 dxe5 21. Na4 Nd7 22. Rc3 Rb4 23. g4 Be6 24. Nxc5 Nxc5 {[#]} 25. Rxc5 $1 {[%mdl 576] Discovered Attack} Rxb3 (25... Rxc5 26. Qxb4) 26. Rxc8 Bxc8 27. Rc1 Rxd3 28. Qe2 Be6 $1 29. Qxe5+ Kg8 30. Rb1 $36 {[%mdl 2048] Black is under pressure.} Rd8 $1 31. Rb8 Rxb8 32. Qxb8+ Kg7 $1 33. Bd5 {[%mdl 64] Decoy} Bxd5 34. Qe5+ {[%mdl 64] Double Attack} f6 35. Qxd5 $16 {[%mdl 4096] Endgame KQ-KQ} h5 (35... Qa7 $16) 36. gxh5 $18 gxh5 37. Qd7+ ({Much less strong is} 37. Qxh5 $6 Qxa2 38. Qf5 Qb2 $16) 37... Kg6 38. a4 {[%cal Ba2a4,Ba4a5][%mdl 32]} Qe2 {[#]} (38... Qa5 $142 39. Qb5 Qe1+ 40. Kg2 Qe4+ 41. Kg1 Qe1+ 42. Kg2 Qe4+ 43. Kg1 Qe1+) 39. Qd5 $1 f5 $2 (39... Kh6 40. a5 h4) 40. a5 {White is clearly winning.} f4 41. Kg2 Kh6 42. Qf5 Qc4 43. Kf3 {Accuracy: White = 82%, Black = 36%.} (43. Qf6+ $142 Kh7 44. a6 Qd5+ 45. Kh2) 1-0

[Event "6th GRENKE Chess Classic 2019"]
[Site "Karlsruhe/Baden-Baden"]
[Date "2019.04.29"]
[Round "9.4"]
[White "Keymer, Vincent"]
[Black "Vallejo Pons, Francisco"]
[Result "0-1"]
[WhiteElo "2516"]
[BlackElo "2693"]
[Annotator "TA"]
[PlyCount "72"]
[EventDate "2019.03.30"]
[EventType "tourn"]
[EventCountry "GER"]
[SourceTitle "playchess.com"]
[Source "ChessBase"]
[SourceQuality "1"]

{[%evp 18,72,64,55,61,43,52,9,46,65,51,53,43,47,58,61,40,54,56,39,97,30,35,-51,-22,-58,-72,-61,-69,-109,-117,-245,-244,-240,-238,-248,-248,-230,-231,-250,-250,-258,-259,-371,-262,-391,-295,-542,-521,-552,-536,-561,-497,-561,-558,-509,-529]} 1. d4 Nf6 2. c4 e6 3. Nf3 c5 4. d5 d6 5. Nc3 exd5 6. cxd5 g6 7. h3 Bg7 8. e4 O-O 9. Bd3 a6 10. a4 Nh5 {A70: Modern Benoni: 6 e4 g6 7 Nf3} 11. g4 Nf6 12. Bf4 Ne8 {The position is equal.} 13. Qd2 Nd7 14. O-O {[#]} h5 $146 ({Predecessor:} 14... Rb8 15. Rae1 b6 16. Bg5 f6 17. Bh4 Ne5 18. Nxe5 dxe5 19. f4 exf4 20. Qxf4 Rb7 21. e5 {½-½ (21) Kopylov,M (2424)-Gharamian,T (2626) Germany 2018}) 15. gxh5 Ne5 16. Nxe5 dxe5 17. Bg5 f6 $1 {[%cal Rf6g5]} 18. Be3 {Hoping for h6.} c4 ({Better is} 18... Bxh3 $14 19. h6 (19. Bxc5 Qc8 $14) (19. hxg6 f5 $14) 19... Bh8) 19. Bxc4 (19. Be2 $16) 19... Nd6 $11 20. Qe2 ({White should play} 20. Be2 $14) 20... f5 $1 $36 {[%cal Rf5f4][%mdl 2048] Black is pushing.} 21. f4 {And now Bc5 would win.} Qh4 $1 {[%cal Rh4g3][%mdl 64] aiming for ...Qg3+. Double Attack} 22. Bc5 Qg3+ $1 23. Kh1 Qxh3+ 24. Qh2 (24. Kg1 $17 Nxc4 25. Bxf8 Bxf8 26. Qxc4 Qg3+ 27. Kh1 Qh3+ 28. Kg1 Qg3+ 29. Kh1 Qh3+ 30. Kg1) 24... Qxh2+ $19 25. Kxh2 Nxc4 26. Bxf8 Kxf8 27. hxg6 {[#]} exf4 $1 28. exf5 Bxf5 29. Rae1 {[#]} Re8 $1 ({Not} 29... Nxb2 30. Rxf4 Bxc3 31. Rxf5+ Kg8 32. Re7 $11) 30. Rxe8+ Kxe8 31. Re1+ (31. Ne2 {is the only way for White.}) 31... Be5 32. Nd1 $2 (32. g7 {was worth a try.} Kf7 33. Kg2) 32... Bxg6 {Black is clearly winning.} 33. Kg2 {intending b3.} Bc2 34. Kf3 Kd7 35. Nf2 Kd6 36. Rc1 Ne3 {Accuracy: White = 22%, Black = 85%.} 0-1

[Event "6th GRENKE Chess Classic 2019"]
[Site "Karlsruhe/Baden-Baden"]
[Date "2019.04.29"]
[Round "9.5"]
[White "Anand, Viswanathan"]
[Black "Svidler, Peter"]
[Result "1/2-1/2"]
[WhiteElo "2774"]
[BlackElo "2735"]
[Annotator "TA"]
[PlyCount "74"]
[EventDate "2019.03.30"]
[EventType "tourn"]
[EventCountry "GER"]
[SourceTitle "playchess.com"]
[Source "ChessBase"]
[SourceQuality "1"]

{[%evp 16,74,8,2,14,14,29,11,14,14,10,12,16,20,18,26,26,13,14,21,0,19,29,0,11,10,8,10,8,8,8,4,10,10,10,5,4,0,0,4,0,0,4,3,3,3,3,3,3,3,3,3,3,3,3,0,0,0,4,0,0]} 1. e4 e5 2. Nf3 Nc6 3. Bb5 a6 4. Ba4 Nf6 5. O-O Be7 6. d3 b5 7. Bb3 d6 8. a3 O-O 9. Nc3 Na5 {C77: Ruy Lopez: 3...a6 4 Ba4 Nf6, unusual lines} (9... Bg4 10. Be3 Nd4 11. Bxd4 exd4 12. Nd5 Nd7 13. h3 Bxf3 14. Qxf3 c6 15. Nf4 Nc5 16. Ba2 a5 17. Qg4 Kh8 18. Ne2 {1-0 (48) Caruana,F (2828)-Postny,E (2623) chess.com INT 2019}) 10. Ba2 Be6 11. b4 Bxa2 12. Rxa2 Nc6 13. Bg5 Ng4 14. Bd2 Nf6 15. Re1 Qd7 16. Nd5 Nxd5 17. exd5 {[#]} Na7 $146 18. a4 c6 19. axb5 axb5 {The position is equal.} 20. Qa1 {Strongly threatening dxc6.} cxd5 21. Be3 {Threatens to win with c3.} d4 {[#]} 22. Nxd4 $1 {[%mdl 512]} exd4 23. Bxd4 {[%mdl 64] [#] Double Attack} Bf6 $1 24. Bxf6 gxf6 25. Re3 {Rg3+ would kill now.} Rfe8 $1 26. Rg3+ Kf8 27. h3 Re6 28. c4 bxc4 29. dxc4 Qc7 $1 30. Kh2 {Black should prevent b5.} Qxc4 31. Rxa7 Rxa7 32. Qxa7 {Black must now prevent Qb8+.} Qxb4 $11 {KQR-KQR} 33. Qa8+ Re8 $132 {[%mdl 2048] Black puts up resistance} 34. Qf3 Re6 35. Qa8+ Re8 36. Qf3 Re6 37. Qa8+ Re8 {Accuracy: White = 88%, Black = 91%.} 1/2-1/2